000 00741nam a22001817a 4500
008 100211t xxu||||| |||| 00| 0 eng d
020 _a9770920479
082 _222
_a201
_bز ي د
100 _911247
_aزيدان، يوسف
245 _a/اللاهوت العربي، وأصول العنف الديني
_cيوسف زيدان
250 _aط2
260 _aالقاهرة:
_bدار الشروق ،
_c2010
300 _a231 ص:
_c22 سم
650 _911305
_aاللاهوت، علم
650 _911306
_aالإسلام والمسيحية
942 _2ddc
_cBB
999 _c13368
_d13368